Films dans l'espace par images - Statistiques

Statistiques générales
  • Ce quiz a été pris 82 fois
  • Le résultat moyen est 8 sur 15
Statistiques - réponses
Par images Réponse % Correct
WALL-E
91%
Star Wars: Episode IV – A New Hope
86%
Interstellar
80%
Alien
69%
2001 : A Space Odyssey
64%
Gravity
61%
Apollo 13
59%
The Fifth Element
55%
Passengers
50%
Valerian and the City of a Thousand Planets
46%
Ad Astra
45%
The Martian
31%
First Man
24%
Oblivion
23%
Life
8%
Aucun quiz correspondant
Distribution des résultats
% des personnes avec chaque résultat
Percentile par nombre de réponses
Votre historique - résultats
Vous n’avez pas pris ce quiz